header

RNA methodologies (Record no. 83054)

MARC details
000 -LEADER
fixed length control field 01320nam a2200337Ia 4500
082 04 - DEWEY DECIMAL CLASSIFICATION NUMBER
Classification number 572.8/8
100 1# - MAIN ENTRY--AUTHOR NAME
Personal name Farrell, Robert E.
245 10 - TITLE STATEMENT
Title RNA methodologies
250 ## - EDITION STATEMENT
Edition statement 3rd ed.
260 ## - PUBLICATION, DISTRIBUTION, ETC. (IMPRINT)
Place of publication Amsterdam ;
-- Boston :
Name of publisher Elsevier/Academic Press,
Year of publication c2005.
300 ## - PHYSICAL DESCRIPTION
Number of Pages xxv, 767 p. :
Other physical details ill.
650 #0 - SUBJECT ADDED ENTRY--TOPICAL TERM
Topical Term RNA
Topical Term Nucleic acids
856 40 - ELECTRONIC LOCATION AND ACCESS
Uniform Resource Identifier http://site.ebrary.com/lib/rucke/Doc?id=10138208

No items available.

© 2026 Rongo University
Contact us: librarian | system librarian | Rongo university